|
|
|
|
| LEADER |
01860nam a22004693i 4500 |
| 001 |
EBC7176807 |
| 003 |
MiAaPQ |
| 005 |
20231204023228.0 |
| 006 |
m o d | |
| 007 |
cr cnu|||||||| |
| 008 |
231204s2012 xx o ||||0 eng d |
| 020 |
|
|
|a 9781463234812
|q (electronic bk.)
|
| 035 |
|
|
|a (MiAaPQ)EBC7176807
|
| 035 |
|
|
|a (Au-PeEL)EBL7176807
|
| 035 |
|
|
|a (OCoLC)1369638282
|
| 040 |
|
|
|a MiAaPQ
|b eng
|e rda
|e pn
|c MiAaPQ
|d MiAaPQ
|
| 100 |
1 |
|
|a Segovia, Carlos A.
|
| 245 |
1 |
4 |
|a The Coming of the Comforter :
|b Studies on the Rise of Islam and Various Other Topics in Memory of John Wansbrough.
|
| 250 |
|
|
|a 1st ed.
|
| 264 |
|
1 |
|a Piscataway :
|b Gorgias Press, LLC,
|c 2012.
|
| 264 |
|
4 |
|c ©2012.
|
| 300 |
|
|
|a 1 online resource (480 pages)
|
| 336 |
|
|
|a text
|b txt
|2 rdacontent
|
| 337 |
|
|
|a computer
|b c
|2 rdamedia
|
| 338 |
|
|
|a online resource
|b cr
|2 rdacarrier
|
| 490 |
1 |
|
|a Orientalia Judaica Christiana Series
|
| 588 |
|
|
|a Description based on publisher supplied metadata and other sources.
|
| 590 |
|
|
|a Electronic reproduction. Ann Arbor, Michigan : ProQuest Ebook Central, 2023. Available via World Wide Web. Access may be limited to ProQuest Ebook Central affiliated libraries.
|
| 655 |
|
4 |
|a Electronic books.
|
| 700 |
1 |
|
|a Gobillot, Geneviève.
|
| 700 |
1 |
|
|a Reynolds, Gabriel Said.
|
| 700 |
1 |
|
|a Wortley, John.
|
| 700 |
1 |
|
|a Berg, Herbert.
|
| 700 |
1 |
|
|a Bori, Caterina.
|
| 700 |
1 |
|
|a Cuypers, Michel.
|
| 700 |
1 |
|
|a Gilliot, Claude.
|
| 700 |
1 |
|
|a Rippin, Andrew.
|
| 700 |
1 |
|
|a Reeth, J. Van.
|
| 776 |
0 |
8 |
|i Print version:
|a Segovia, Carlos A.
|t The Coming of the Comforter: When, Where, and to Whom?
|d Piscataway : Gorgias Press, LLC,c2012
|
| 797 |
2 |
|
|a ProQuest (Firm)
|
| 830 |
|
0 |
|a Orientalia Judaica Christiana Series
|
| 856 |
4 |
0 |
|u https://ebookcentral.proquest.com/lib/matrademy/detail.action?docID=7176807
|z Click to View
|